| 000 | 00821nam a22002177a 4500 | ||
|---|---|---|---|
| 999 |
_c13808 _d13808 |
||
| 003 | AR-CdUCM | ||
| 008 | 190416b ||||| |||| 00| 0 spa d | ||
| 040 |
_aMUNICIPALIDAD PROVINCIAL DEL CUSCO _cBIBLIOTECA MUNICIPAL DEL CUSCO |
||
| 082 |
_213ed. _a030 / _bJ12 / 1972 |
||
| 100 |
_aJackson, W. M. _931803 |
||
| 245 |
_aEnciclopedia práctica Jackson : _bconjunto de conocimientos para la formación autodidáctica / |
||
| 260 |
_aMéxico, D. F : _bW.M. Jackson, _c1972. |
||
| 300 |
_a426 páginas ; _bIlustraciones, _c25 cm. |
||
| 505 | _aContenido: t.11. Música -- Pedagogía -- Periodismo -- Prehistoria -- Primeros auxilios -- Propaganda. | ||
| 650 |
_aEnciclopedia _918075 |
||
| 650 |
_aGramática _99175 |
||
| 650 |
_aLiteratura _983 |
||
| 650 |
_aIngles _97365 |
||
| 942 |
_2ddc _cLIBROS |
||
| 945 |
_aacv _d2016-04-15 |
||